Prihláška vynálezu
Pravidlá prihlasovania vynálezov: Začiatok konania o udelení patentu. Medzinárodné prihlášky vynálezov. Poplatok za podanie prihlášky vynálezu. Uvedenie pôvodcu v prihláške vynálezu. Požiadavka jednotnosti vynálezu. Jasnosť a úplnosť predmetu prihlášky vynálezu. Preukázanie využiteľnosti predmetu pr...
Gespeichert in:
| 1. Verfasser: | |
|---|---|
| Weitere Verfasser: | |
| Format: | Buchkapitel |
| Sprache: | Slowakisch |
| Schlagworte: | |
| Tags: |
Keine Tags, Fügen Sie das erste Tag hinzu!
|
MARC
| LEADER | 00000naa a2200000 4500 | ||
|---|---|---|---|
| 001 | r039028 | ||
| 005 | 20230529125306.7 | ||
| 041 | 0 | |a slo | |
| 044 | |a SK | ||
| 245 | 1 | 0 | |a Prihláška vynálezu |c Peter Vojčík, Stanislav Vyparina |
| 520 | |a Pravidlá prihlasovania vynálezov: Začiatok konania o udelení patentu. Medzinárodné prihlášky vynálezov. Poplatok za podanie prihlášky vynálezu. Uvedenie pôvodcu v prihláške vynálezu. Požiadavka jednotnosti vynálezu. Jasnosť a úplnosť predmetu prihlášky vynálezu. Preukázanie využiteľnosti predmetu prihlášky vynálezu. | ||
| 610 | 2 | 0 | |a patenty |
| 610 | 2 | 0 | |a vynálezy |
| 610 | 2 | 0 | |a právo patentové |
| 610 | 2 | 0 | |a úrady patentové |
| 610 | 2 | 0 | |a vlastníctvo priemyselné |
| 610 | 2 | 0 | |a Slovensko |
| 100 | 1 | |a Vojčík, Peter | |
| 700 | 1 | |a Vyparina, Stanislav | |